| 000 | 00000nam##2200000za#4500 |
| 001 | 9.574699 |
| 003 | CaOODSP |
| 005 | 20210624184318 |
| 007 | cr ||||||||||| |
| 008 | 150406|2006||||xxc|||||o f|0| 0 eng|d |
| 040 | |aCaOODSP|beng |
| 043 | |an-cn--- |
| 086 | 1 |aT41-1/45E-PDF |
| 110 | 1 |aCanada. |bTransport Canada. |
| 245 | 14|aThe social implications of sustainable and active transportation |h[electronic resource] |
| 260 | |aOttawa - Ontario : |bTransport Canada |cDecember 2006. |
| 300 | |a7p.|breferences, tables |
| 490 | 1 |aCase studies in sustainable transportation |vIssue paper 45 |
| 500 | |aAt head of title: Urban Transportation Showcase Program. |
| 590 | |a12-35-Supp|b2012-08-09 |
| 775 | 08|tLa portée sociale du transport durable et actif |w(CaOODSP)9.604434 |
| 830 | #0|aCase studies in sustainable transportation ;|vIssue paper 45|w(CaOODSP)9.506851 |
| 856 | 40|ahttp://publications.gc.ca|qPDF|s163 KB|uhttps://publications.gc.ca/collections/collection_2012/tc/T41-1-45-eng.pdf|yIssue paper 45 |